Meeste seizoenen in Belgische eerste klasse per club - Statistieken

Algemene statistieken
  • Deze quiz is 17 keer genomen
  • De gemiddelde score is 4 van 12
Antwoordstatistieken
Seizoenen Antwoord % Correct
102 Club Brugge
100%
93 RSC Anderlecht
53%
85 Cercle Brugge
47%
105 Standard Luik
47%
85 KAA Gent
40%
73 KV Mechelen
40%
61 Union Saint-Gilloise
20%
100 Royal Antwerp FC
13%
59 Sporting Charleroi
13%
74 Lierse SK
7%
81 Beerschot VAC
0%
67 RFC Liègeois
0%
Geen overeenkomende quizzen gevonden
Scoreverdeling
Procent van Mensen met Elke Score
Percentiel versus Aantal Correcte Antwoorden
Uw Scoregeschiedenis
U heeft deze quiz nog niet genomen